| 000 | 00377nam a2200133Ia 4500 | ||
|---|---|---|---|
| 005 | 20260328101523.0 | ||
| 008 | 260328s9999||||xx |||||||||||||| ||und|| | ||
| 100 | _aSakamoto, Tomoko | ||
| 245 | 0 |
_aFrom control to Design : _b Parametric / algorithmic Architecture / _cTomoko Sakamoto |
|
| 260 | _bIngoprint | ||
| 300 | _a239 p. | ||
| 650 | _aARQUITECTURA - ELEMENTOS | ||
| 942 | _cBK | ||
| 999 |
_c9676 _d9676 |
||